| 000 | 00528nam a2200205Ia 4500 | ||
|---|---|---|---|
| 003 | GCL | ||
| 008 | 140319s9999 xx 000 0 eng d | ||
| 040 |
_aGCL / _cGCL |
||
| 082 | 0 | 4 |
_a841 _bD P |
| 100 | 1 | _aDANSEL, MICHEL | |
| 245 | 1 | 0 |
_a12 POEMES DE VERLAINE: ANALYSES ET COMMENTES / _cDANSEL, MICHEL |
| 260 |
_a[S.N] : _bMARABOUT UNIVERSITE ، _c1993 |
||
| 300 | _a318 P | ||
| 650 | 0 | 4 | _aLITERATURE |
| 650 | 0 | 4 | _aPOEMS |
| 650 | 0 | 4 | _aFRENCH POETRY |
| 650 | 0 | 4 | _aVERLAINE |
| 650 | 0 | 4 | _aFRENCH LITERATURE |
| 942 |
_2ddc _cBK |
||
| 999 |
_c24911 _d24911 |
||